Advanced database techniques

Saved in:
Bibliographic Details
Main Author: Martin, Daniel
Format: Book
Language:English
Published: Cambridge, Mass : The mit press, 1986
Series:MIT Press series in information systems
Subjects:
Tags: Add Tag
No Tags, Be the first to tag this record!

MARC

LEADER 00000nam a2200000 i 4500
001 1/32710
008 960209s1986 eng d
020 |a 026213215X 
035 |l 10023804 
040 |a GR-MY-UA  |b gre  |e aacr 
041 0 |a eng 
082 0 |a 005.74 
100 1 |a Martin, Daniel. 
245 1 0 |a Advanced database techniques 
260 |a Cambridge, Mass :   |b The mit press,   |c 1986 
300 |a xvi, 377 p. 
490 1 |a MIT Press series in information systems 
650 0 0 |a Database management. 
830 0 |a MIT Press series in information systems 
852 |a INST  |b CHIOS  |e 19960209  |h 005.74 MAR  |p 005200002425  |q 005200002425  |t BK  |y 0 
909 |a Χ  |b 009390